Ewige Konstrukteurs-Tabelle (Top 10) - Statistiken

Allgemein
  • Dieses Quiz wurde 61 mal gespielt
  • Das Durchschnittsergebnis liegt bei 7 aus 10
Antwortstatistiken
Platz Antwort Punkte Rennen % Korrekt
1. Ferrari 8712 1030
100%
4. RedBull 5629 325
98%
2. Mercedes 6298,5 249
97%
3. McLaren 5830,5 902
88%
5. Williams 3584 783
78%
7. Renault 1777 400
74%
6. Lotus 2074 606
60%
10. Benetton 851,5 260
40%
9. Brabham 864 394
28%
8. Force India 1039 212
16%
Keine übereinstimmenden Quizze gefunden
Verteilung der Resultate
Anzahl Personen mit jedem Resultat
Perzentil nach korrekt beantworteten Fragen
Ihre Resultats-Entwicklung
Sie haben dieses Quiz noch nicht gespielt